000 01044nam a2200253Ia 4500
999 _c55771
_d55771
001 22868
003 GE_BSU
005 20230525171853.0
008 181216s ||||ge |||||||||||||| ||geo||
020 _a9789941254383
040 _cGE_BSU
041 _ageo
080 _a821.353.1.09 ბ-91
100 _aბრეგაძე, კონსტანტინე
_96888
245 _aმოდერნი და მოდერნიზმი /
_cკონსტანტინე ბრეგაძე ; რედ. ირმა რატიანი.
264 _aთბილისი :
_bმერიდიანი,
_c2018.
300 _a318 გვ. ;
_c 22 სმ.
541 _h10 ლ.
546 _aტექსტები ინგლისურ ენაზე
653 _aლიტერატურული მოდერნიზმი
653 _aმოდერნი და მოდერნიზმი
700 _aრატიანი, ირმა
_eრედაქტორი
_95778
942 _cBK
_2udc